| 000 | 00439nam a22001575i 4500 | ||
|---|---|---|---|
| 001 | 171948 | ||
| 003 | ES-MaACL | ||
| 005 | 20230906214756.0 | ||
| 008 | 090609s1907 fr |||| | fre d | ||
| 100 | 1 |
_aSortais, Gaston. _9140564 |
|
| 245 | 1 | 0 |
_aManuel de philosophie / _credigé par Gaston Sortais. |
| 250 | _a2em. ed. | ||
| 260 |
_aParis : _bP. Lethielleux, _c[1907] |
||
| 300 |
_aXXX, 984 p. ; _c24 cm. |
||
| 852 |
_aES-MaACL _jF-11573 |
||
| 999 |
_c171948 _d171948 |
||